000 00511nam a2200169Ia 4500
003 GCL
008 140319s9999 xx 000 0 eng d
040 _aGCL /
_cGCL
082 0 4 _a659.132
_bA G
100 1 _aANTIN, TONY
245 1 0 _aGREAT PRINT ADVERTISING: CREATIVE APPROACHES, STRATEGIES AND TACTICS /
_cANTIN, TONY
260 _a[S.N] :
_bJOHN WILEY AND SONS. INC ،
_c993
650 0 4 _aADVERTISING, MAGAZINE
650 0 4 _aADVERTISING
650 0 4 _aADVERTISING LAY OUT AND TYPOGRAPHY
942 _2ddc
_cBK
999 _c20388
_d20388